000 00329nam a2200133Ia 4500
008 191201s2011 xx 000 0 und d
082 _a004.22
_bCAC
100 _aCARTER,Nicholas P
245 0 _aComputer Architecture and Organigation
250 _aRep
260 _c2011
_bTMH
_aNEW DELHI
300 _aMISC.
942 _2ddc
_cBK
_07
999 _c7784
_d7784